[Event "AUT-chT U18 rapid"]
[Site "Vienna"]
[Date "2023.10.29"]
[Round "4.7"]
[White "Huber, Elisa"]
[Black "Roessler, Leo"]
[Result "0-1"]
[WhiteElo "1391"]
[BlackElo "978"]
[PlyCount "147"]
[EventDate "2023.10.29"]
[EventType "team-swiss"]
[EventRounds "7"]
[EventCountry "AUT"]
[SourceTitle "Mega2024 Update 01"]
[Source "Chessbase"]
[SourceDate "2023.11.12"]
[SourceVersion "1"]
[SourceVersionDate "2023.11.12"]
[SourceQuality "1"]
[WhiteTeam "Vienna U18"]
[BlackTeam "Kaernten U18"]
[WhiteTeamCountry "AUT"]
[BlackTeamCountry "AUT"]

1. d4 d5 2. Bf4 Nf6 3. e3 Bf5 4. c3 e6 5. Nd2 Nc6 6. Ngf3 Bd6 7. Bg3 0-0 8. Nh4 Bg4 9. Nhf3 Ne7 10. Bd3 Ng6 11. Qc2 h6 12. Bxg6 fxg6 13. Qxg6 Bf5 14. Ng5 Bxg6 15. Nxe6 Qe7 16. Nxf8 Rxf8 17. Bh4 Bd3 18. 0-0-0 Ba3 19. Nf3 g5 20. Bg3 Ne4 21. Rxd3 h5 22. Ne5 Rf6 23. h4 gxh4 24. Bxh4 Nxf2 25. Bxf6 Qxf6 26. Rf1 Bd6 27. Rdd1 Qh4 28. Rd2 Bxe5 29. Rdxf2 Bg3 30. Rf8+ Kg7 31. R1f7+ Kg6 32. Rf1 Bd6 33. Rg8+ Kh6 34. Rh8+ Kg6 35. Rg8+ Kh7 36. g3 Qh3 37. Rgf8 Bxf8 38. Rxf8 Qh1+ 39. Kc2 Qe4+ 40. Kb3 Qxe3 41. Rf7+ Kh6 42. Rxc7 Qe6 43. Rxb7 Qa6 44. Rb4 Qf1 45. a4 Qd1+ 46. Ka3 Qa1+ 47. Kb3 Qg1 48. Rb7 Qxg3 49. Rxa7 h4 50. Ra6+ Kg5 51. Ra7 h3 52. Rh7 h2 53. a5 Qg2 54. Rg7+ Kh4 55. Rxg2 h1Q 56. Re2 Qd1+ 57. Rc2 Kg5 58. a6 Qh5 59. Rg2+ Kf4 60. Rf2+ Ke4 61. Rc2 Qf7 62. c4 dxc4+ 63. Kc3 Qa7 64. Re2+ Kf4 65. Rf2+ Ke3 66. Rd2 Qxa6 67. d5 Qa5+ 68. Kc2 Qxd2+ 69. Kb1 Qxd5 70. Kc2 Qd3+ 71. Kc1 Ke2 72. b4 Qc3+ 73. Kb1 Kd2 74. Ka2 0-1

[Event "GER-chT U12"]
[Site "Muenchen"]
[Date "2022.12.29"]
[Round "5"]
[White "Geschke, David"]
[Black "Roessler, Leo"]
[Result "1-0"]
[WhiteElo "1418"]
[BlackElo "1373"]
[PlyCount "131"]
[EventDate "2022.12.26"]
[EventType "team-swiss"]
[EventRounds "7"]
[EventCountry "GER"]
[SourceTitle "CBM 212 Extra"]
[Source "ChessBase"]
[SourceDate "2023.03.31"]
[SourceVersion "1"]
[SourceVersionDate "2023.03.31"]
[SourceQuality "1"]
[WhiteTeam "Fritzdorf"]
[BlackTeam "Leipzig Turm"]
[WhiteTeamCountry "GER"]
[BlackTeamCountry "GER"]

1. d4 d6 2. c4 g6 3. Nc3 Bg7 4. e4 Nf6 5. Nf3 0-0 6. Bd3 Nbd7 7. 0-0 e5 8. d5 Nc5 9. Bc2 Bd7 10. Be3 b6 11. Re1 Rb8 12. Qe2 c6 13. Rad1 Qc7 14. a3 Nb7 15. Ba4 c5 16. Bc2 a6 17. Nd2 Ra8 18. h3 Ne8 19. f4 f6 20. Rf1 Qc8 21. Rf2 Nc7 22. Rdf1 Qd8 23. fxe5 fxe5 24. Rxf8+ Bxf8 25. Qf2 Qe7 26. Nf3 Bg7 27. Bg5 Qf7 28. Qh4 Rf8 29. Bd3 Qe8 30. Be7 Rf7 31. Ng5 Rxf1+ 32. Bxf1 Qxe7 33. Qxh7+ Kf8 34. Qxg6 Be8 35. Qf5+ Bf7 36. Be2 Ke8 37. Nxf7 Bf6 38. Bh5 Kf8 39. Qc8+ Nd8 40. Qxd8+ Qxd8 41. Nxd8 Bxd8 42. Be2 Bg5 43. b3 Be3+ 44. Kh2 Bd4 45. Nb1 Ne8 46. Nd2 Nf6 47. Bf3 Kg7 48. Nf1 Kg6 49. Ng3 Kg5 50. Nf5 Ne8 51. g3 Kf6 52. Bh5 Ng7 53. Nxg7 Kxg7 54. h4 b5 55. Be2 b4 56. a4 a5 57. Kh3 Kf6 58. g4 Be3 59. g5+ Bxg5 60. hxg5+ Kxg5 61. Kg3 Kf6 62. Kg4 Kg6 63. Bf3 Kf6 64. Kh5 Ke7 65. Kg6 Kd7 66. Kf6 1-0

[Event "GER-chT U12"]
[Site "Muenchen"]
[Date "2022.12.29"]
[Round "6"]
[White "Roessler, Leo"]
[Black "Spielvogel, Oliver"]
[Result "1-0"]
[WhiteElo "1373"]
[BlackElo "1312"]
[PlyCount "77"]
[EventDate "2022.12.26"]
[EventType "team-swiss"]
[EventRounds "7"]
[EventCountry "GER"]
[SourceTitle "CBM 212 Extra"]
[Source "ChessBase"]
[SourceDate "2023.03.31"]
[SourceVersion "1"]
[SourceVersionDate "2023.03.31"]
[SourceQuality "1"]
[WhiteTeam "Leipzig Turm"]
[BlackTeam "Barnim Schachfreunde"]
[WhiteTeamCountry "GER"]
[BlackTeamCountry "GER"]

1. e4 c5 2. d4 cxd4 3. c3 e6 4. cxd4 Nf6 5. e5 Nd5 6. Bc4 Nc7 7. Nf3 a6 8. Nc3 b5 9. Bb3 d5 10. 0-0 Be7 11. Bc2 Nd7 12. Qd3 f6 13. Bf4 b4 14. Ne2 a5 15. Qe3 Ba6 16. Rfe1 0-0 17. exf6 Nxf6 18. Rac1 Bd6 19. Ng5 Re8 20. Be5 h6 21. Bxf6 Qxf6 22. Nf3 e5 23. dxe5 Bxe5 24. Nxe5 Rxe5 25. Qd2 Rae8 26. Bd3 Bxd3 27. Qxd3 Ne6 28. g3 Rf8 29. f4 Rf5 30. Qe3 Qg6 31. Rc6 R5f6 32. Qf3 Qe8 33. Qxd5 Kh8 34. Nd4 Qa8 35. Rexe6 Rd8 36. Qe5 Rxe6 37. Rxe6 Rc8 38. Rxh6+ Kg8 39. Qe6+ 1-0